Round and round the seasons go. (Record no. 111977)
[ view plain ]
| 000 -LEADER | |
|---|---|
| fixed length control field | 00328nam a2200121 a 4500 |
| 005 - DATE AND TIME OF LATEST TRANSACTION | |
| control field | 20140414131925.0 |
| 008 - FIXED-LENGTH DATA ELEMENTS--GENERAL INFORMATION | |
| fixed length control field | 101027s19uu xx 00 eng d |
| 050 ## - LIBRARY OF CONGRESS CALL NUMBER | |
| Classification number | ER |
| Item number | R75 1994 |
| 100 ## - MAIN ENTRY--PERSONAL NAME | |
| Personal name | Williams, Rozanne Lanczak |
| 245 ## - TITLE STATEMENT | |
| Title | Round and round the seasons go. |
| 260 ## - PUBLICATION, DISTRIBUTION, ETC. (IMPRINT) | |
| Name of publisher, distributor, etc | Creative Teaching Press, |
| Date of publication, distribution, etc | 1994. |
| Withdrawn status | Lost status | Damaged status | Home library | Current library | Shelving location | Date acquired | Total Checkouts | Full call number | Barcode | Date last seen | Price effective from | Koha item type |
|---|---|---|---|---|---|---|---|---|---|---|---|---|
| Munich Library | Munich Library | Easy Reading Section | 10/27/2010 | ER R75 1994 | M2959 | 04/14/2014 | 04/14/2014 | Books |